[Event "EtVaS 25 Elo-group"]
[Site "Vantaa (Finland)"]
[Date "1999.07.21"]
[Round "1"]
[White "Sorsa Miitrei"]
[Black "Keskisarja Teemu"]
[Result "0-1"]
[WhiteElo "2056"]
[BlackElo "2268"]
[Annotator ""]
[Source ""]
[Remark ""]

1.d4 Nf6 2.c4 e6 3.Nc3 Bb4 4.g3 O-O 5.Nf3 d5 6.Bg2 Nbd7 7.O-O
dc4 8.a3 Be7 9.e4 a6 10.Qe2 b5 11.Bf4 Bb7 12.Rfd1 c6 13.Rac1
Re8 14.Ne5 Ne5 15.de5 Nd7 16.Be3 Qc7 17.f4 Nc5 18.Bc5 Bc5+ 19.Kh1
Rad8 20.Rd8 Rd8 21.Rd1 Rd4 22.Rd4 Bd4 23.Nd1 c5 24.Bf3 Bc6 25.h4
h6 26.h5 Qa5 27.g4 Qa4 28.Kg2 Qb3 29.Qd2 Qd3 30.Qd3 cd3 31.Kf1
c4 32.Ke1 Kf8 33.Kd2 Ke7 34.b4 cb3 35.Kd3 Bc5 0-1

[Event "EtVaS 25 Elo-group"]
[Site "Vantaa (Finland)"]
[Date "1999.07.21"]
[Round "1"]
[White "Nybäck Tomi"]
[Black "Kallio Heikki"]
[Result "0-1"]
[WhiteElo "2095"]
[BlackElo "2360"]
[Annotator ""]
[Source ""]
[Remark ""]

1.d4 d6 2.Nf3 Bg4 3.Nbd2 Nd7 4.c3 c6 5.e4 e6 6.Qc2 Ne7 7.Nc4
Nc8 8.Bd3 Bf3 9.gf3 Ncb6 10.Bf4 Nc4 11.Bc4 Qf6 12.Qd2 e5 13.de5
de5 14.Rd1 O-O-0 15.Bg5 Qf3 16.Bd8 Qh1+ 17.Bf1 Qe4+ 18.Be2 Qf5
19.h3 h5 20.Bd3 e4 0-1

[Event "EtVaS 25 Elo-group"]
[Site "Vantaa (Finland)"]
[Date "1999.07.21"]
[Round "1"]
[White "Kokkila Tero"]
[Black "Lehti Juhani"]
[Result "1-0"]
[WhiteElo "2305"]
[BlackElo "2071"]
[Annotator ""]
[Source ""]
[Remark ""]

1.e4 e5 2.Nf3 Nc6 3.Bb5 a6 4.Ba4 Nf6 5.O-O b5 6.Bb3 Bb7 7.d3
Bc5 8.c3 d6 9.Bg5 Qe7 10.Nh4 O-O-0 11.Nf5 Qf8 12.d4 Bb6 13.a4
Ne4 14.Bd8 Nd8 15.ab5 ab5 16.Na3 g6 17.Ne3 ed4 18.cd4 c6 19.Qc2
f5 20.Nb5 Qf6 21.Nd5 1-0

[Event "EtVaS 25 Elo-group"]
[Site "Vantaa (Finland)"]
[Date "1999.07.21"]
[Round "1"]
[White "Issakainen Ari"]
[Black "Puuska Heini"]
[Result "1-0"]
[WhiteElo "2252"]
[BlackElo "2035"]
[Annotator ""]
[Source ""]
[Remark ""]

1.d4 Nf6 2.c4 e6 3.Nc3 Bb4 4.Qc2 c5 5.dc5 Bc5 6.Nf3 b6 7.Bg5
Be7 8.e3 Bb7 9.Be2 Nc6 10.O-O a6 11.Rad1 Qc7 12.Rd2 d5 13.Bf6
gf6 14.Nd5 ed5 15.cd5 Rc8 16.dc6 Qc6 17.Qc6+ Rc6 18.Rfd1 Rc7
19.Nd4 Bb4 20.Nb5 Bd2 21.Nc7+ Kd7 22.Na6 1-0

[Event "EtVaS 25 Elo-group"]
[Site "Vantaa (Finland)"]
[Date "1999.07.22"]
[Round "2"]
[White "Kallio, Heikki"]
[Black "Haapasalo, Jukka-Pekka"]
[Result "1-0"]
[WhiteElo "2360"]
[BlackElo "2245"]
[PlyCount "71"]

1. Nf3 c5 2. g3 Nc6 3. Bg2 g6 4. O-O Bg7 5. e4 d6 6. Nc3 e6 7. d3 Nge7 8. Be3
Nd4 9. Qd2 O-O 10. Bh6 Bxh6 11. Qxh6 Nxf3+ 12. Bxf3 Nc6 13. Bg2 Nd4 14. Qd2 Rb8
15. f4 f5 16. Rae1 b5 17. Nd1 b4 18. Ne3 Bd7 19. Nc4 Qc7 20. c3 bxc3 21. bxc3
Nc6 22. exf5 gxf5 23. g4 Ne7 24. g5 Ng6 25. Qf2 Rbe8 26. Qf3 e5 27. Qd5+ Be6
28. Qxd6 Qxd6 29. Nxd6 Rd8 30. fxe5 Bxa2 31. c4 Nxe5 32. Bd5+ Kh8 33. Rxe5 Rxd6
34. Rfxf5 Rdd8 35. Rxf8+ Rxf8 36. Be4 1-0

[Event "EtVaS 25 Elo-group"]
[Site "Vantaa (Finland)"]
[Date "1999.07.22"]
[Round "2"]
[White "Pirttimäki, Timo"]
[Black "Kokkila, Tero"]
[WhiteElo "2251"]
[BlackElo "2305"]
[Result "0-1"]
[PlyCount "74"]

1. e4 e6 2. d4 d5 3. Nc3 Bb4 4. a3 Bxc3+ 5. bxc3 dxe4 6. Qg4 Nf6 7. Qxg7 Rg8 8. Qh6 Nbd7 9. f3 Rg6 10.
Qe3 exf3 11. Qxf3 e5 12. Bc4 Nb6 13. dxe5 Bg4 14. Qd3 Nxc4 15. exf6 Rxf6 16. Nf3 Bxf3 17. O-O Qxd3
18. cxd3 Ne5 19. Re1 Re6 20. d4 Bxg2 21. Rxe5 Rxe5 22. dxe5 Bd5 23. Bf4 Kd7 24. Kf2 Rg8 25. Rg1
Rxg1 26. Kxg1 Kc6 27. Kf2 Be6 28. Ke2 Kb5 29. Kd2 Ka4 30. Kc2 Kxa3 31. Kb1 Kb3 32. Bd2 Bf5+ 33.
Ka1 c5 34. Be1 b6 35. h4 h5 36. Bd2 Kc2 37. Be1 Be6 0-1

[Event "EtVaS 25 Elo-group"]
[Site "Vantaa (Finland)"]
[Date "1999.07.22"]
[Round "2"]
[White "Keskisarja, Teemu"]
[Black "Pitkänen, Sami"]
[Result "1-0"]
[WhiteElo "2268"]
[BlackElo "2291"]
[PlyCount "75"]

1. d4 f5 2. g3 Nf6 3. Bg2 g6 4. Nf3 Bg7 5. c4 O-O 6. Nc3 d6 7. O-O Nc6 8. b3 e5
9. dxe5 dxe5 10. Ba3 e4 11. Bxf8 Qxf8 12. Ng5 h6 13. Nh3 Ng4 14. Nd5 Bxa1 15.
Qxa1 Qf7 16. f3 exf3 17. exf3 Nge5 18. Re1 Be6 19. Rxe5 Nxe5 20. Qxe5 Bxd5 21.
Qxd5 Qxd5 22. cxd5 Rd8 23. f4 b5 24. Nf2 Rd6 25. Nd3 c6 26. Kf2 cxd5 27. Ke3
d4+ 28. Kd2 a5 29. Ne5 Kg7 30. a3 Rd8 31. Bc6 b4 32. a4 g5 33. Kd3 gxf4 34.
gxf4 Kf6 35. Bf3 h5 36. h4 Ke6 37. Kc4 Rg8 38. Kxd4 1-0

[Event "EtVaS 25 Elo-group"]
[Site "Vantaa (Finland)"]
[Date "1999.07.22"]
[Round "2"]
[White "Nykopp, Michael"]
[Black "Issakainen, Ari"]
[WhiteElo "2237"]
[BlackElo "2252"]
[Result "1-0"]
[PlyCount "138"]

1. d4 d5 2. Nf3 Nf6 3. Bg5 Ne4 4. Bf4 c5 5. e3 Nc6 6. c3 e6 7. Nbd2 Nxd2 8. Qxd2 Bd6 9. Bg3 O-O 10.
Bd3 Qe7 11. Bxd6 Qxd6 12. O-O e5 13. Nxe5 Nxe5 14. dxe5 Qxe5 15. Rad1 Bg4 16. f3 Bd7 17. e4 dxe4
18. Bxe4 Be6 19. Qc2 Qh5 20. f4 Rad8 21. Bxb7 Rb8 22. Bf3 Qh6 23. Bd5 Bxd5 24. Rxd5 Qb6 25. Rd2
Rfe8 26. c4 Re3 27. b3 Rbe8 28. h3 h6 29. Qf5 g6 30. Qd5 R3e4 31. Qd6 Qa5 32. f5 gxf5 33. Qxh6 R4e6
34. Qf4 Re5 35. Rf3 Re1+ 36. Kh2 R1e6 37. Rd6 Qxa2 38. Rg3+ Kf8 39. Rxe6 Rxe6 40. Qxf5 Qa5 41.
Qf4 Qb6 42. Rf3 Re7 43. h4 Rd7 44. Qe5 Qd6 45. Qxd6+ Rxd6 46. g4 Kg7 47. Kg3 Rd4 48. h5 f6 49.
Kh4 Rd1 50. Rf5 Rh1+ 51. Kg3 Rb1 52. Rf3 a6 53. Kf4 Rd1 54. Kf5 Re1 55. h6+ Kf7 56. Rh3 Re5+ 57.
Kf4 Re8 58. Rh5 Rh8 59. Rxc5 Rxh6 60. Kf5 Rh3 61. Rc7+ Ke8 62. Kxf6 Rf3+ 63. Ke6 Re3+ 64. Kf5
Rf3+ 65. Ke4 Rxb3 66. g5 Rg3 67. Kf4 Rg1 68. c5 Rf1+ 69. Ke5 Re1+ 1-0

[Event "EtVaS 25 Elo-group"]
[Site "Vantaa (Finland)"]
[Date "1999.07.22"]
[Round "2"]
[White "van Linde, Paul"]
[Black "Rantala, Jyrki"]
[Result "1/2-1/2"]
[WhiteElo "2180"]
[BlackElo "2144"]
[PlyCount "44"]

1. e4 c5 2. c3 d5 3. exd5 Qxd5 4. d4 e6 5. Nf3 Nf6 6. Be3 cxd4 7. cxd4 Be7 8.
Nc3 Qd8 9. Bd3 Nc6 10. a3 O-O 11. O-O b6 12. Qe2 Bb7 13. Rad1 Rc8 14. Rfe1 Qd6
15. Bg5 h6 16. Bc1 Rfe8 17. Bb1 Bf8 18. Qd3 g6 19. Ne4 Nxe4 20. Rxe4 Ne7 21.
Ree1 Nf5 22. g4 Qd5 1/2-1/2

[Event "EtVaS 25 Elo-group"]
[Site "Vantaa (Finland)"]
[Date "1999.07.22"]
[Round "2"]
[White "Parkkinen, Jyrki"]
[Black "Nybäck, Tomi"]
[WhiteElo "2111"]
[BlackElo "2095"]
[Result "0-1"]
[PlyCount "82"]

1. d4 d5 2. Nf3 Nf6 3. c4 e6 4. g3 c6 5. Nbd2 Nbd7 6. Bg2 Bd6 7. Qc2 O-O 8. O-O Re8 9. e4 dxe4 10.
Nxe4 Nxe4 11. Qxe4 e5 12. Bg5 f6 13. c5 Bf8 14. Be3 exd4 15. Qxd4 Nxc5 16. Qc3 Qe7 17. Rac1 Ne4
18. Qc4+ Qe6 19. Qa4 c5 20. Rfd1 b6 21. Bf1 Qf7 22. Bc4 Be6 23. Bb5 Nd6 24. Bxe8 Rxe8 25. b3 Bd5
26. Qf4 Re4 27. Ng5 fxg5 28. Qxg5 Ba8 29. Bf4 Qb7 30. f3 Re6 31. Rc3 Nb5 32. Rd8 Nxc3 33. Be5 Qe7
34. Qxe7 Rxe7 35. Bd6 Rf7 36. Rxa8 Nb5 37. Be5 Nd4 38. Kf2 Nxf3 39. Bb2 Nd4+ 40. Ke3 Re7+ 41.
Kd3 Nc6 0-1

[Event "EtVaS 25 Elo-group"]
[Site "Vantaa (Finland)"]
[Date "1999.07.23"]
[Round "3"]
[White "Keskisarja, Teemu"]
[Black "Kallio, Heikki"]
[Result "1/2-1/2"]
[WhiteElo "2268"]
[BlackElo "2360"]
[PlyCount "89"]

1. Nf3 Nf6 2. c4 d6 3. Nc3 Bg4 4. d4 Nbd7 5. e4 c5 6. d5 h6 7. Be2 g5 8. O-O
Bg7 9. Be3 Bh5 10. Nd2 Bg6 11. f3 Ne5 12. Rb1 Qd7 13. b4 cxb4 14. Rxb4 O-O 15.
Qb3 b6 16. a4 Qc8 17. a5 bxa5 18. Rb5 Nfd7 19. Rxa5 Nc5 20. Qa3 Ned3 21. Bxd3
Nxd3 22. Nb5 Nf4 23. Rxa7 Be5 24. g3 Rxa7 25. Qxa7 Ne2+ 26. Kf2 Nc3 27. g4
Nxe4+ 28. Nxe4 Bxe4 29. fxe4 Qxg4 30. Nd4 f5 31. exf5 Bxh2 32. Ke1 Be5 33. Nc6
Bc3+ 34. Bd2 Qe4+ 35. Kd1 Bf6 36. Qa2 g4 37. Qc2 Qg2 38. Re1 Qf3+ 39. Kc1 Ra8
40. Na5 Qa3+ 41. Kd1 Qf3+ 42. Re2 Qf1+ 43. Re1 Qf3+ 44. Re2 Qf1+ 45. Re1
1/2-1/2

[Event "EtVaS 25 Elo-group"]
[Site "Vantaa (Finland)"]
[Date "1999.07.23"]
[Round "3"]
[White "Kokkila, Tero"]
[Black "Nykopp, Michael"]
[Result "1-0"]
[WhiteElo "2305"]
[BlackElo "2237"]
[PlyCount "125"]

1. e4 c6 2. c4 e5 3. Nc3 Nf6 4. Nf3 d6 5. Be2 Be7 6. O-O O-O 7. d4 Qc7 8. h3 a6
9. a4 a5 10. Bg5 Ne8 11. Be3 Na6 12. Rc1 Nb4 13. Qd2 g6 14. Nh2 Ng7 15. f4 exd4
16. Bxd4 f5 17. g4 Ne6 18. Be3 Nc5 19. Bxc5 dxc5 20. gxf5 gxf5 21. e5 Be6 22.
Qe3 Kh8 23. Nf3 Rg8+ 24. Kh2 h6 25. Rg1 Rxg1 26. Qxg1 Rg8 27. Qf2 Qc8 28. Nd1
Qd8 29. Rc3 Na2 30. Rc2 Nb4 31. Rd2 Qe8 32. Ne3 Qf7 33. Rd1 Rd8 34. Rxd8+ Bxd8
35. Qg1 Be7 36. Qg3 Kh7 37. Nd2 Bd8 38. Nf3 Be7 39. Nd2 Bd8 40. Qg2 Qd7 41. Bh5
Bf7 42. Bxf7 Qxf7 43. Qe2 Qd7 44. Nb3 Qd3 45. Qxd3 Nxd3 46. Kg3 Kg6 47. Nd1 b6
48. Nd2 Kf7 49. b3 Ke6 50. Ne3 Nc1 51. Kf3 Na2 52. Ng2 Be7 53. Ke3 Nb4 54. Nf3
Nc2+ 55. Kd3 Nb4+ 56. Kc3 Na2+ 57. Kd2 Nb4 58. Nh2 Na6 59. Nf1 Kf7 60. Ng3 Kg6
61. Ne3 Nc7 62. Nexf5 Bd8 63. Nd6 1-0

[Event "EtVaS 25 Elo-group"]
[Site "Vantaa (Finland)"]
[Date "1999.07.23"]
[Round "3"]
[White "Sorsa, Miitrei"]
[Black "Pirttimäki, Timo"]
[Result "0-1"]
[WhiteElo "2056"]
[BlackElo "2251"]
[PlyCount "104"]

1. d4 g6 2. e4 Bg7 3. c4 c5 4. Nf3 cxd4 5. Nxd4 Qb6 6. Nb5 a6 7. Qa4 Nc6 8.
N1c3 Rb8 9. Na3 Bd4 10. Nd1 Nf6 11. Bd3 d6 12. Nc2 Bd7 13. Qb3 Ne5 14. Ke2 O-O
15. Nxd4 Qxd4 16. Be3 Qxd3+ 17. Qxd3 Nxd3 18. Kxd3 b5 19. c5 b4 20. f3 Bb5+ 21.
Kd2 d5 22. e5 Nd7 23. Bd4 Rbc8 24. Rc1 e6 25. Ne3 Rc7 26. Rc2 h5 27. f4 Nb8 28.
b3 Nc6 29. Bb2 Rd8 30. Rd1 a5 31. a4 bxa3 32. Bxa3 Rb7 33. Rb2 Rdb8 34. Rdb1
Kg7 35. Nc2 f6 36. exf6+ Kxf6 37. Ke3 e5 38. fxe5+ Kxe5 39. Ne1 d4+ 40. Kd2 g5
41. Nd3+ Bxd3 42. Kxd3 Kd5 43. Kc2 Rf7 44. Rd1 Rf2+ 45. Rd2 Rxd2+ 46. Kxd2 Rf8
47. Ke1 Re8+ 48. Kf2 Re3 49. Rb1 g4 50. Bc1 Rc3 51. Bh6 Kxc5 52. Kf1 Kd5 0-1

[Event "EtVaS 25 Elo-group"]
[Site "Vantaa (Finland)"]
[Date "1999.07.23"]
[Round "3"]
[White "Haapasalo, Jukka-Pekka"]
[Black "Lehti, Juhani"]
[Result "1/2-1/2"]
[WhiteElo "2245"]
[BlackElo "2071"]
[PlyCount "92"]

1. e4 e5 2. Nf3 Nc6 3. Bb5 a6 4. Bxc6 dxc6 5. O-O f6 6. d4 exd4 7. Nxd4 c5 8.
Ne2 Qxd1 9. Rxd1 Bd7 10. Nbc3 O-O-O 11. Bf4 Ne7 12. Bg3 Nc6 13. Nd5 Ne5 14.
Nef4 c4 15. Rd2 Bc5 16. h3 Rhe8 17. Nh5 Bxh3 18. Nxg7 Rg8 19. Nxf6 Rxg7 20.
Rxd8+ Kxd8 21. Bxe5 Rxg2+ 22. Kh1 Rxf2 23. Rd1+ Kc8 24. Rg1 Rf1 25. Rxf1 Bxf1
26. Nxh7 Be2 27. Nf6 Bd1 28. c3 Be3 29. Bd4 Bc1 30. e5 Bxb2 31. Kg2 Bc2 32. e6
Ba3 33. Ne8 Be4+ 34. Kf2 Bd5 35. Ng7 Bf8 36. Ke3 Bxg7 37. Bxg7 Bxe6 38. Kd2 Kd7
39. Kc1 c5 40. Kb2 b5 41. a3 Kc6 42. Bf8 a5 43. Be7 b4 44. axb4 cxb4 45. cxb4
axb4 46. Bxb4 Kb5 1/2-1/2

[Event "EtVaS 25 Elo-group"]
[Site "Vantaa (Finland)"]
[Date "1999.07.24"]
[Round "4"]
[White "Kallio, Heikki"]
[Black "Kokkila, Tero"]
[Result "1/2-1/2"]
[WhiteElo "2360"]
[BlackElo "2305"]
[PlyCount "152"]

1. Nf3 Nf6 2. g3 d5 3. Bg2 e6 4. O-O Be7 5. d3 b6 6. Ne5 Nfd7 7. f4 O-O 8. e4
Bb7 9. Nxd7 Qxd7 10. Nc3 c5 11. g4 dxe4 12. dxe4 Rd8 13. Qe1 Nc6 14. g5 Nd4 15.
Rf2 c4 16. Be3 e5 17. f5 b5 18. Qf1 Bc5 19. Re1 Qd6 20. Kh1 Rac8 21. Nd5 b4 22.
f6 Bxd5 23. exd5 g6 24. Be4 Nb5 25. h4 Bxe3 26. Rxe3 Qc5 27. Qh3 Nd6 28. Bg2 e4
29. h5 Qxd5 30. hxg6 fxg6 31. f7+ Nxf7 32. Bxe4 Qxg5 33. Bg2 Rc7 34. Qf3 Re7
35. Rxe7 Qxe7 36. Qf4 Rd1+ 37. Bf1 Qb7+ 38. Kh2 c3 39. bxc3 bxc3 40. Rf3 Rd2+
41. Kg3 Qe7 42. Rxc3 Qe1+ 43. Kh3 Rf2 44. Rc8+ Kg7 45. Qd4+ Rf6 46. Rg8+ Kxg8
47. Qxf6 Qe3+ 48. Kh2 Qd2+ 49. Kh1 Qxc2 50. Qe6 Qc1 51. Kg2 Qg5+ 52. Kh1 Qe5
53. Qa6 Qd5+ 54. Kg1 Qd4+ 55. Kg2 Kg7 56. Bc4 Ne5 57. Be2 h5 58. Qe6 Qe4+ 59.
Kf1 Qf4+ 60. Ke1 Kh6 61. Qe7 Qg3+ 62. Kd1 Qg1+ 63. Kc2 Qd4 64. Qf8+ Kg5 65.
Qe7+ Kf5 66. Qf8+ Ke4 67. Qf1 Qe3 68. Qe1 Qc5+ 69. Kb3 Qe3+ 70. Kc2 Kf4 71.
Qf1+ Kg3 72. Qe1+ Qf2 73. Qd2 Nf3 74. Qd6+ Kg2 75. Qxg6+ Kh2 76. Qxh5+ Kg3
1/2-1/2

[Event "EtVaS 25 Elo-group"]
[Site "Vantaa (Finland)"]
[Date "1999.07.24"]
[Round "4"]
[White "Pirttimäki, Timo"]
[Black "Keskisarja, Teemu"]
[Result "1-0"]
[WhiteElo "2251"]
[BlackElo "2268"]
[PlyCount "51"]

1. e4 c5 2. Nf3 d6 3. d4 cxd4 4. Nxd4 Nf6 5. Nc3 a6 6. h3 e6 7. g4 d5 8. exd5
Nxd5 9. Nde2 Bc5 10. Bg2 Qb6 11. O-O Nxc3 12. Nxc3 Bd7 13. Ne4 Bc6 14. Nxc5
Bxg2 15. Kxg2 Qxc5 16. Be3 Qc7 17. c3 O-O 18. Qb3 Nd7 19. Rad1 Rad8 20. f3 Qc6
21. Qb4 Nf6 22. c4 Rd7 23. g5 Nh5 24. Qb3 Qc7 25. Rxd7 Qxd7 26. Rd1 1-0

[Event "EtVaS 25 Elo-group"]
[Site "Vantaa (Finland)"]
[Date "1999.07.24"]
[Round "4"]
[White "Nykopp, Michael"]
[Black "Nybäck, Tomi"]
[Result "1-0"]
[WhiteElo "2237"]
[BlackElo "2095"]
[PlyCount "123"]

1. d4 d5 2. Nf3 Nf6 3. c4 e6 4. Nc3 Be7 5. Bg5 Nbd7 6. e3 O-O 7. cxd5 exd5 8.
Bd3 c6 9. O-O Re8 10. Qc2 Nf8 11. Rab1 Ne4 12. Bxe7 Qxe7 13. Bxe4 dxe4 14. Nd2
Bf5 15. Rbe1 Qe6 16. Qb3 Qxb3 17. Nxb3 Rad8 18. Rc1 Re7 19. Nc5 Ne6 20. b4 Nxc5
21. bxc5 Bc8 22. Rb1 f5 23. Rb4 Be6 24. Rfb1 Rdd7 25. a3 Kf7 26. h4 g6 27. g3
Ke8 28. Ra4 a6 29. Rab4 Kf7 30. Ne2 Kf6 31. Nf4 Bf7 32. Kf1 h6 33. Ke1 g5 34.
hxg5+ hxg5 35. Ne2 Be6 36. Nc3 Kf7 37. Kd2 Ke8 38. Rh1 Rh7 39. Rbb1 Kd8 40. g4
Kc7 41. Rbg1 Rh4 42. Rxh4 gxh4 43. Rh1 Rh7 44. g5 Bf7 45. Ne2 Rh5 46. Nf4 Rxg5
47. Rxh4 Kd7 48. Rh7 Ke8 49. Rh1 Kd7 50. Kc3 a5 51. Rh7 Ke8 52. d5 cxd5 53. Kd4
Rg1 54. Ke5 Rg8 55. Nxd5 Bxd5 56. Kxd5 Kd8 57. Rxb7 Kc8 58. Rf7 Rd8+ 59. Kc6
Kb8 60. Rxf5 Rd3 61. a4 Ra3 62. Kb6 1-0

[Event "EtVaS 25 Elo-group"]
[Site "Vantaa (Finland)"]
[Date "1999.07.24"]
[Round "4"]
[White "Pitkänen, Sami"]
[Black "van Linde, Paul"]
[Result "1/2-1/2"]
[WhiteElo "2291"]
[BlackElo "2180"]
[PlyCount "73"]

1. Nf3 Nf6 2. g3 g6 3. Bg2 Bg7 4. O-O O-O 5. d3 d5 6. Nbd2 d4 7. a4 Nd5 8. Nc4
c5 9. a5 Nc6 10. e4 dxe3 11. fxe3 Rb8 12. c3 b5 13. axb6 axb6 14. e4 Nc7 15.
Bf4 b5 16. Na5 Nxa5 17. Rxa5 Ne6 18. Bxb8 Qxa5 19. Be5 Rd8 20. Bxg7 Kxg7 21.
Ne5 Qc7 22. Ng4 b4 23. Ne3 bxc3 24. bxc3 Qd6 25. Nd5 Nc7 26. Qf3 f6 27. Kh1
Nxd5 28. exd5 Qe5 29. c4 e6 30. Qf2 exd5 31. cxd5 Qd4 32. Qe2 Qe5 33. Qxe5 fxe5
34. Rc1 Bf5 35. Rxc5 Bxd3 36. Rc7+ Kf6 37. Kg1 1/2-1/2

[Event "EtVaS 25 Elo-group"]
[Site "Vantaa (Finland)"]
[Date "1999.07.24"]
[Round "5"]
[White "Pirttimäki, Timo"]
[Black "Kallio, Heikki"]
[Result "1/2-1/2"]
[WhiteElo "2251"]
[BlackElo "2360"]
[PlyCount "105"]

1. e4 d5 2. exd5 Nf6 3. c4 c6 4. Nc3 cxd5 5. d4 Nc6 6. Nf3 e6 7. cxd5 Nxd5 8.
Bd3 Be7 9. O-O O-O 10. Re1 Nxc3 11. bxc3 Bf6 12. Bf4 b6 13. Qc2 g6 14. Rad1 Bb7
15. Bh6 Re8 16. Qd2 Qc7 17. Ng5 Ne7 18. Ne4 Bg7 19. Bxg7 Kxg7 20. Qg5 Bxe4 21.
Bxe4 Rac8 22. Rd3 Ng8 23. h4 h6 24. Qd2 Nf6 25. Bf3 e5 26. Rde3 exd4 27. cxd4
Rxe3 28. fxe3 Qg3 29. Qf2 Qxf2+ 30. Kxf2 g5 31. hxg5 hxg5 32. g4 Rc4 33. Re2
Kf8 34. Rb2 Ke7 35. Ke2 Ra4 36. Bc6 Ra3 37. Kf3 Kd6 38. Bb7 Ne8 39. Be4 Nf6 40.
Bc2 Rc3 41. Bb3 Ke7 42. Rc2 Rxc2 43. Bxc2 Nd5 44. Bb3 Nc3 45. a4 a5 46. e4 b5
47. axb5 Nxb5 48. Ke3 f6 49. Kd3 Kd6 50. Ba4 Nc7 51. Kc4 Ne6 52. Be8 Nf4 53.
Ba4 1/2-1/2

[Event "EtVaS 25 Elo-group"]
[Site "Vantaa (Finland)"]
[Date "1999.07.24"]
[Round "5"]
[White "Nykopp, Michael"]
[Black "Haapasalo, Jukka-Pekka"]
[Result "1/2-1/2"]
[WhiteElo "2237"]
[BlackElo "2245"]
[PlyCount "101"]

1. d4 Nf6 2. Nf3 b6 3. Bg5 Bb7 4. Nbd2 e6 5. e4 h6 6. Bxf6 Qxf6 7. Bd3 g5 8. h3
Nc6 9. c3 Be7 10. Qe2 h5 11. O-O-O O-O-O 12. h4 g4 13. Ne1 Qg7 14. Nc2 Kb8 15.
Ne3 Rde8 16. Ba6 Ba8 17. Qb5 Qf6 18. Rdf1 Bd8 19. Qe2 Qh6 20. Bd3 Rhf8 21. Qd1
Ne7 22. Bb5 c6 23. Bd3 f5 24. e5 Nd5 25. Nxd5 exd5 26. Kb1 f4 27. Qc2 Bc7 28.
Re1 Bb7 29. a4 Bc8 30. c4 d6 31. cxd5 dxe5 32. dxc6 exd4 33. a5 Re6 34. Be4 f3
35. gxf3 gxf3 36. Ka1 Rfe8 37. Nxf3 Qf4 38. Bd5 Rxe1+ 39. Rxe1 Rxe1+ 40. Nxe1
Qxh4 41. axb6 axb6 42. Nf3 Qf4 43. Qd3 Bf5 44. Qxd4 Qc1+ 45. Ka2 Bb1+ 46. Ka3
Bd6+ 47. Ka4 Qc5 48. Qxc5 Bxc5 49. Bf7 Be4 50. Bxh5 Bxc6+ 51. Kb3 1/2-1/2

[Event "EtVaS 25 Elo-group"]
[Site "Vantaa (Finland)"]
[Date "1999.07.24"]
[Round "5"]
[White "Keskisarja, Teemu"]
[Black "Lehti, Juhani"]
[Result "1-0"]
[WhiteElo "2268"]
[BlackElo "2071"]
[PlyCount "141"]

1. Nf3 d5 2. d4 c6 3. c4 e6 4. Qc2 Nf6 5. Bf4 Ne4 6. e3 Bd6 7. Bxd6 Qxd6 8. Bd3
f5 9. Nbd2 O-O 10. Ne5 Nd7 11. Nxd7 Bxd7 12. O-O Rf6 13. Nf3 Rh6 14. Ne5 Rf8
15. f3 Ng5 16. f4 Ne4 17. Bxe4 fxe4 18. c5 Qe7 19. Rf2 Be8 20. Raf1 Rhf6 21.
Qa4 a6 22. Qb4 Bh5 23. Qe1 g5 24. g4 Bg6 25. fxg5 Rxf2 26. Rxf2 Rxf2 27. Qxf2
Qxg5 28. h4 Qe7 29. h5 Be8 30. Qf4 Qh4 31. h6 Qe7 32. g5 Bh5 33. Qf6 Qxf6 34.
gxf6 Kf8 35. Kf2 Ke8 36. Ke1 a5 37. Kd2 Kf8 38. Kc3 Bd1 39. Kd2 Ba4 40. Ke1 Ke8
41. Kf2 Bd1 42. Kg3 Be2 43. Kf2 Bd1 44. Ke1 Ba4 45. Kd2 Kf8 46. b3 Bb5 47. Kc3
Be2 48. a4 Bd1 49. Kb2 Ke8 50. Ka3 Be2 51. b4 Bf1 52. bxa5 Ba6 53. Kb4 Kf8 54.
Kc3 Ke8 55. Kd2 Kf8 56. Ke1 Ke8 57. Kf2 Kf8 58. Kg3 Ke8 59. Kf4 Be2 60. a6 Bxa6
61. Kg3 Bd3 62. Kf2 Bc2 63. Ke1 Bxa4 64. Kd2 Bb5 65. Kc3 Be2 66. Kb4 Bf1 67.
Ka5 Be2 68. Kb6 Ba6 69. Kc7 Bb5 70. Kxb7 Ba4 71. Kc7 1-0

[Event "EtVaS 25 Elo-group"]
[Site "Vantaa (Finland)"]
[Date "1999.07.24"]
[Round "5"]
[White "Nybäck, Tomi"]
[Black "Pitkänen, Sami"]
[Result "0-1"]
[WhiteElo "2095"]
[BlackElo "2291"]
[PlyCount "50"]

1. d4 f5 2. e4 fxe4 3. Nc3 Nf6 4. g4 h6 5. Bg2 d5 6. h3 c5 7. Bf4 cxd4 8. Qxd4
Nc6 9. Qd2 e5 10. Bg3 Be6 11. a3 Be7 12. f4 exf4 13. Bxf4 Qb6 14. O-O-O O-O-O
15. Nge2 Qa5 16. Nd4 Nxd4 17. Qxd4 Rhe8 18. Be3 b6 19. Ne2 Bc5 20. Qd2 Qxd2+
21. Bxd2 d4 22. Kb1 Bc4 23. Ng3 e3 24. Bc1 e2 25. Rde1 d3 0-1

[Event "EtVaS 25 Elo-group"]
[Site "Vantaa (Finland)"]
[Date "1999.07.25"]
[Round "6"]
[White "Rantala, Jyrki"]
[Black "Keskisarja, Teemu"]
[Result "1/2-1/2"]
[WhiteElo "2144"]
[BlackElo "2268"]
[PlyCount "50"]

1. e4 c5 2. Nf3 d6 3. d4 cxd4 4. Nxd4 Nf6 5. Nc3 a6 6. Be2 e5 7. Nb3 Be7 8. a4
O-O 9. O-O Be6 10. f4 exf4 11. Bxf4 Nc6 12. Kh1 Rc8 13. Qe1 Qb6 14. a5 Qc7 15.
Qg3 Kh8 16. Be3 Nd7 17. Nd5 Bxd5 18. exd5 Nb4 19. Bd4 Bf6 20. Bxf6 Nxf6 21. c4
Rce8 22. Nd4 Re5 23. Qc3 Qc5 24. Bf3 Rc8 25. Rfc1 b5 1/2-1/2

[Event "EtVaS 25 Elo-group"]
[Site "Vantaa (Finland)"]
[Date "1999.07.25"]
[Round "6"]
[White "Kallio, Heikki"]
[Black "Nykopp, Michael"]
[Result "1-0"]
[WhiteElo "2360"]
[BlackElo "2237"]
[PlyCount "63"]

1. Nf3 Nf6 2. g3 d5 3. Bg2 c6 4. O-O Bf5 5. d3 e6 6. Nbd2 h6 7. b3 Be7 8. Bb2
O-O 9. Qe1 a5 10. a3 Bh7 11. e4 Na6 12. Ne5 Nd7 13. Nxd7 Qxd7 14. f4 dxe4 15.
Nxe4 Nc7 16. Kh1 Nd5 17. Qf2 Nf6 18. Nxf6+ Bxf6 19. Bxf6 gxf6 20. Rae1 Rfd8 21.
g4 f5 22. Qh4 Qd6 23. Qxh6 fxg4 24. Re5 Bf5 25. Be4 Qf8 26. Qh4 Rd5 27. Bxd5
cxd5 28. h3 f6 29. Re2 gxh3 30. Rg1+ Kf7 31. Qh5+ Ke7 32. Qxf5 1-0

[Event "EtVaS 25 Elo-group"]
[Site "Vantaa (Finland)"]
[Date "1999.07.25"]
[Round "6"]
[White "Pitkänen, Sami"]
[Black "Kokkila, Tero"]
[Result "0-1"]
[WhiteElo "2291"]
[BlackElo "2305"]
[PlyCount "90"]

1. e4 e6 2. Nf3 d5 3. Nc3 Nf6 4. e5 Nfd7 5. d4 c5 6. dxc5 Nc6 7. Bf4 Bxc5 8.
Bd3 f6 9. exf6 Qxf6 10. Bg3 O-O 11. O-O Nd4 12. Nxd4 Bxd4 13. Qh5 g6 14. Qe2 a6
15. Rae1 Nc5 16. Be5 Bxe5 17. Qxe5 Qxe5 18. Rxe5 Nxd3 19. cxd3 Bd7 20. f4 Rac8
21. g3 Rc5 22. Rf2 Rfc8 23. Ne2 Ra5 24. a3 Ra4 25. Nc3 Rxa3 26. bxa3 Rxc3 27.
g4 Kf7 28. f5 exf5 29. gxf5 Bxf5 30. Rxd5 Ke6 31. Rd8 Rxa3 32. Re2+ Kf6 33. d4
b5 34. d5 b4 35. Rf8+ Kg5 36. Rd2 b3 37. Rb8 Ra2 38. Rg2+ Rxg2+ 39. Kxg2 Be4+
40. Kg3 Bxd5 41. Rb6 Kf5 42. Rxa6 Ke5 43. Rb6 Kd4 44. Kf4 Kc3 45. Ke5 Bc4 0-1

[Event "EtVaS 25 Elo-group"]
[Site "Vantaa (Finland)"]
[Date "1999.07.25"]
[Round "6"]
[White "Sorsa, Miitrei"]
[Black "Issakainen, Ari"]
[Result "1-0"]
[WhiteElo "2056"]
[BlackElo "2252"]
[PlyCount "101"]

1. d4 Nf6 2. c4 b6 3. Nc3 Bb7 4. Qc2 e6 5. Bg5 d5 6. cxd5 exd5 7. Nf3 Be7 8. e3
h6 9. Bh4 O-O 10. Be2 Nbd7 11. O-O Rc8 12. Nb5 a6 13. Na7 Ra8 14. Nc6 Bxc6 15.
Qxc6 Ra7 16. Bxf6 Nxf6 17. Rfc1 Bd6 18. Ne5 Qe7 19. f4 Bb4 20. Rd1 a5 21. a3
Bd6 22. Rac1 Qe6 23. Bf3 Raa8 24. Kh1 Rad8 25. Rg1 h5 26. g3 g6 27. Rge1 Kg7
28. Qc2 Rh8 29. Qg2 c5 30. e4 dxe4 31. Bxe4 cxd4 32. Nc6 Rc8 33. f5 gxf5 34.
Bb1 Qd5 35. Qxd5 Nxd5 36. Nxd4 Rxc1 37. Nxf5+ Kf6 38. Rxc1 Be5 39. Rc6+ Kg5 40.
h4+ Kg4 41. Kg2 Bxg3 42. Nxg3 Nf4+ 43. Kh2 Rd8 44. Bf5+ Kxh4 45. Ne4 Rd5 46.
Rf6 Rb5 47. b4 Nd5 48. Rxf7 axb4 49. Nd2 Kg5 50. Nf3+ Kh6 51. Rh7# 1-0

[Event "EtVaS 25 Elo-group"]
[Site "Vantaa (Finland)"]
[Date "1999.07.25"]
[Round "7"]
[White "Rantala, Jyrki"]
[Black "Kallio, Heikki"]
[Result "1/2-1/2"]
[WhiteElo "2144"]
[BlackElo "2360"]
[PlyCount "77"]

1. e4 c5 2. Nf3 e6 3. d4 cxd4 4. Nxd4 Nf6 5. Nc3 d6 6. Be2 a6 7. a4 b6 8. f4
Bb7 9. Bf3 Qc7 10. O-O Nbd7 11. Kh1 Rc8 12. Qe1 Nc5 13. e5 Bxf3 14. Rxf3 Ng4
15. exd6 Qxd6 16. Nf5 Qd8 17. Bd2 g6 18. Ne3 Nxe3 19. Bxe3 Bg7 20. Rd1 Qe7 21.
Bd4 Bxd4 22. Rxd4 O-O 23. f5 Qf6 24. Rd6 gxf5 25. Nd5 Qxb2 26. Rxb6 Qd4 27.
Ne7+ Kh8 28. Nxc8 Rxc8 29. c3 Qf6 30. Qb1 Qe5 31. c4 Rd8 32. Rf1 Kg7 33. Qa1
Qxa1 34. Rxa1 Rd4 35. Rc1 Nd3 36. Ra1 Nc5 37. Rc1 Nd3 38. Ra1 Nc5 39. Rc1
1/2-1/2